Statistiques concernant Meilleurs Buteurs de la Liga par Saison depuis 1999/2000

Cliquez ici pour prendre le quiz!

Statistiques générales

  • Ce quiz a été pris 98 fois
  • Le résultat moyen est 19 sur 24

Statistiques - réponses

SaisonClubMeilleur ButeurNombre de Buts% Correct
2013-2014Real Madrid CFCristiano Ronaldo31
100%
2010-2011Real Madrid CFCristiano Ronaldo40
100%
2014-2015Real Madrid CFCristiano Ronaldo48
100%
2003-2004Real Madrid CFRonaldo24
100%
2021-2022Real Madrid CFKarim Benzema27
99%
2011-2012FC BarceloneLionel Messi50
99%
2020-2021FC BarceloneLionel Messi30
99%
2019-2020FC BarceloneLionel Messi25
99%
2018-2019FC BarceloneLionel Messi36
99%
2017-2018FC BarceloneLionel Messi34
99%
2016-2017FC BarceloneLionel Messi37
99%
2009-2010FC BarceloneLionel Messi34
99%
2012-2013FC BarceloneLionel Messi46
99%
2015-2016FC BarceloneLuis Suarez40
99%
2022-2023FC BarceloneRobert Lewandowski23
95%
2000-2001Real Madrid CFRaul24
77%
2005-2006FC BarceloneSamuel Eto'o26
75%
2008-2009Atlético de MadridDiego Forlan32
68%
2004-2005Villarreal CFDiego Forlan25
68%
2006-2007Real Madrid CFRuud Van Nistelrooy25
37%
2002-2003Deportivo La CorogneRoy Makaay29
21%
2007-2008RCD MajorqueDaniel Guiza27
14%
2001-2002Deportivo La CorogneDiego Tristan20
11%
1999-2000Racing de SantanderSalva Ballesta27
4%

Distribution des résultats

Percentile par nombre de réponses

% des personnes avec chaque résultat

Votre développement - résultats

Vous n’avez pas pris ce quiz